000 00607nam a22001817a 4500
003 UA-OsUOA
001 25584
007 ta
008 20040419b un ||||| |||| 00| 0 ukr d
100 _aЗелінська Т.
942 _cSA
040 _aUA-OsUOA
_cUA-OsUOA
_dUA-OsUOA
245 _aКонцептуалізація феномена амбівалентності атитюдів особистості
300 _aС.43-55
955 _a0
773 0 _w0
_tПсихологія і суспільство
_dТернопіль
_d2004
_g№1
650 7 _aПсихологія особистості
_2UDC
999 _c311882
_d311882